Por Bolívar y la gloría : (Registro nro. 4631)

Detalles MARC
000 -LEADER
fixed length control field 01432nam a2200313Ia 4500
003 - CONTROL NUMBER IDENTIFIER
control field OSt
005 - DATE AND TIME OF LATEST TRANSACTION
control field 20201013170705.0
008 - FIXED-LENGTH DATA ELEMENTS--GENERAL INFORMATION
fixed length control field 191128s2010 ck gr 000 0 spa d
020 ## - INTERNATIONAL STANDARD BOOK NUMBER
International Standard Book Number 9789584525307
040 ## - CATALOGING SOURCE
Original cataloging agency CO-JMCR
Transcribing agency CO-JMCR
041 1# - LANGUAGE CODE
Language code of text/sound track or separate title spa
Language code of original eng
082 04 - DEWEY DECIMAL CLASSIFICATION NUMBER
Classification number 980.02092 /
Item number M981p
Edition number 23
100 1# - MAIN ENTRY--PERSONAL NAME
Personal name Murray, Pamela Suzanne,
Relator term autor
9 (RLIN) 11446
245 10 - TITLE STATEMENT
Title Por Bolívar y la gloría :
Remainder of title la asombrosa vida de Manuela Sáenz /
Statement of responsibility, etc. Pamela S. Murray ; traducción, Luisa Borovsky
260 ## - PUBLICATION, DISTRIBUTION, ETC.
Place of publication, distribution, etc. Bogotá :
Name of publisher, distributor, etc. Norma,
Date of publication, distribution, etc. 2010
300 ## - PHYSICAL DESCRIPTION
Extent 299 páginas ;
Dimensions 24 cm.
490 o# - SERIES STATEMENT
Series statement Colección documentos
504 ## - BIBLIOGRAPHY, ETC. NOTE
Bibliography, etc. note Bibliografía: páginas 275-290
505 0# - FORMATTED CONTENTS NOTE
Formatted contents note Los comiezos, 1797-1822 -- Libertadora, 1822-1827 -- El crisol colombiano, 1827-1830 -- La venganza de los liberales, 1835-1845 -- Exilio y reivindicación, 1835-1845 -- Encontrando el hogar, circa 1845-1856
534 ## - ORIGINAL VERSION NOTE
Introductory phrase For glory Bolívar : The remarkable life of Manuela Sáen
546 ## - LANGUAGE NOTE
Language note Traducido del inglés.
600 14 - SUBJECT ADDED ENTRY--PERSONAL NAME
Personal name Sáenz, Manuela,
Dates associated with a name 1797-1856
Form subdivision biografías
9 (RLIN) 11447
600 14 - SUBJECT ADDED ENTRY--PERSONAL NAME
Personal name Bolívar, Simón,
General subdivision relaciones con mujeres
Dates associated with a name 1783-1830
9 (RLIN) 11448
650 ## - SUBJECT ADDED ENTRY--TOPICAL TERM
Topical term or geographic name entry element Guerras de Independencia (América del Sur: 1806-1830) Biografías historia--
9 (RLIN) 11449
651 #4 - SUBJECT ADDED ENTRY--GEOGRAPHIC NAME
Geographic name Colombia
Form subdivision guerra de independencia
General subdivision historia
Chronological subdivision 1810-1819
9 (RLIN) 11450
651 #4 - SUBJECT ADDED ENTRY--GEOGRAPHIC NAME
Geographic name Colombia
General subdivision historia social
Chronological subdivision Siglo XIX
9 (RLIN) 11451
700 1# - ADDED ENTRY--PERSONAL NAME
Personal name Borovsky, Luisa,
Dates associated with a name
Relator term traductora
9 (RLIN) 11452
942 ## - ADDED ENTRY ELEMENTS (KOHA)
Source of classification or shelving scheme Dewey Decimal Classification
Koha item type Books
Existencias
Withdrawn status Lost status Source of classification or shelving scheme Damaged status Not for loan Collection code Home library Current library Date acquired Source of acquisition Total Checkouts Full call number Barcode Date last seen Date last checked out Copy number Koha item type
    Dewey Decimal Classification     Non-fiction Biblioteca Pública José María del Castillo y Rada Biblioteca Pública José María del Castillo y Rada 04/15/2018 Donación 1 980.02092 / M981p 201809571 05/16/2024 03/27/2024 Ej.1 Books